000 00444nam a2200181Ia 4500
001 8417
005 20260306160607.0
008 260306t2014||||xx |||||||||||||| ||spa||
041 _aESP
082 _a370.94
_bT868
100 _aTournai, Gilbert de
_eAUT
245 0 _aDe modo addiscendi:
_b(sobre el modo de aprender)
260 _c2014
300 _a521 páginas :
_c20 cm.
650 _aGEN
654 _aCED
942 _cLIB
_dJUS
_fJUS
_2ddc
_n
999 _c8417
_d8417